| 000 | 00500nam a22001817a 4500 | ||
|---|---|---|---|
| 999 |
_c174296 _d174296 |
||
| 005 | 20200602155306.0 | ||
| 010 | _aENG-128166 | ||
| 020 |
_c300.00 _a9789353228422 |
||
| 035 | _aEN-111698 | ||
| 037 | _bDBAD/PUB | ||
| 082 | _a230.33 | ||
| 100 | _aSirshree | ||
| 245 |
_aShri Ramakrishna Paramhansa: _cSirshree |
||
| 260 |
_aNew Delhi _bPrabhat Prakashan _c2019 |
||
| 270 |
_a4/19 Asaf Ali Road _bNew Delhi _e110002 |
||
| 300 |
_a160p. _c23cm(hb) |
||
| 942 |
_2ddc _cEN _h230.33 _mSIR |
||